Score 0/39 Timer 04:00
1 Play Today
Hint 4-Letter Word % Correct
Bring water to 100 degrees CBOIL
94.6%
Of more than average heightTALL
94.4%
Make coffeeBREW
94.1%
♓ Olympic medal type ♓GOLD
94%
Communicate by spoken wordsTALK
94%
♓ Heavy armored military vehicle ♓TANK
94%
♓ Hindmost part of animal ♓TAIL
92.9%
Line of hair over eyeBROW
92.7%
♓ Canvas wind-catcher on boat ♓SAIL
92.6%
Make dirtySOIL
91.8%
Ink spotBLOT
91.6%
♓ Create air current ♓BLOW
91.5%
♓ Sirius, Polaris, or the sun ♓STAR
91.2%
Adventurous and daringBOLD
90.7%
♓ Female spouse ♓WIFE
90.6%
Male deerSTAG
90.5%
Road repair teamCREW
90.2%
Country singers Williams or SnowHANK
90.1%
Aquatic respiratory organGILL
89.6%
♓ Small body of still water ♓POND
88.6%
Hint 4-Letter Word % Correct
Goose callHONK
88.6%
Reserve hotel room in advanceBOOK
88.1%
Start up computerBOOT
87.8%
Sum of money paid as bailBOND
87.1%
Carpet with long, rough pileSHAG
87.1%
Excellent adventurer with TedBILL
86.5%
The existence of a being LIFE
85.5%
♓ Boxing punch with bent elbow ♓HOOK
84.8%
Type of cotton weevilBOLL
84.8%
What one might do to a lilyGILD
84.1%
Playwright George BernardSHAW
83.7%
Sage and knowledgeableWISE
81.7%
Point connectorLINE
80%
Smokeless tobaccoCHAW
74%
To yearn for intenselyPINE
73.4%
Unleavened cornbreadPONE
72.8%
♓ Crop of a bird or insect ♓ CRAW
72.5%
Strong desire or hopeWISH
70.9%
♓♓ COMMON BOND ♓♓FISH
51.9%

Today's Daily Dose

Missing Word
Marvin Gaye Songs

Quick Pick
Movies of 2019

Get the Picture
Chinese Cities

You're not logged in!

Compare scores with friends on all Sporcle quizzes.
OR
Log In

Sporcle TV

Today on Sporcle TV


Watch our educational content, quiz creation guides, and fun videos on Sporcle TV.

Show Comments

Extras

Top Quizzes Today


Score Distribution

Your Account Isn't Verified!

In order to create a playlist on Sporcle, you need to verify the email address you used during registration. Go to your Sporcle Settings to finish the process.

Report this User

Report this user for behavior that violates our Community Guidelines.

Details: